<?xml version="1.0" encoding="UTF-8"?>
<record
    xmlns:xsi="http://www.w3.org/2001/XMLSchema-instance"
    xsi:schemaLocation="http://www.loc.gov/MARC21/slim http://www.loc.gov/standards/marcxml/schema/MARC21slim.xsd"
    xmlns="http://www.loc.gov/MARC21/slim">

  <leader>01927cam a22002774a 4500</leader>
  <controlfield tag="001">15901771</controlfield>
  <controlfield tag="003">OSt</controlfield>
  <controlfield tag="005">20210309141144.0</controlfield>
  <controlfield tag="008">090910s2006    ck       b   i000 0 spa  </controlfield>
  <datafield tag="010" ind1=" " ind2=" ">
    <subfield code="a">  2009480604</subfield>
  </datafield>
  <datafield tag="020" ind1=" " ind2=" ">
    <subfield code="a">9589771327</subfield>
  </datafield>
  <datafield tag="040" ind1=" " ind2=" ">
    <subfield code="a">DLC</subfield>
    <subfield code="c">CO-JMCR</subfield>
  </datafield>
  <datafield tag="043" ind1=" " ind2=" ">
    <subfield code="a">s-ck---</subfield>
  </datafield>
  <datafield tag="050" ind1="0" ind2="0">
    <subfield code="a">JS2520.B6</subfield>
    <subfield code="b">F88 2006</subfield>
  </datafield>
  <datafield tag="082" ind1="0" ind2="4">
    <subfield code="a">320.986148 /</subfield>
    <subfield code="b">A346f</subfield>
    <subfield code="2">23</subfield>
  </datafield>
  <datafield tag="110" ind1="2" ind2=" ">
    <subfield code="a">Colombia. Alcald&#xED;a Mayor de Bogot&#xE1;</subfield>
    <subfield code="9">2890</subfield>
  </datafield>
  <datafield tag="245" ind1="0" ind2="3">
    <subfield code="a">El futuro de la organizaci&#xF3;n institucional de Bogot&#xE1;.</subfield>
    <subfield code="c">Alcald&#xED;a Mayor de Bogot&#xE1;</subfield>
  </datafield>
  <datafield tag="260" ind1=" " ind2=" ">
    <subfield code="a">Bogot&#xE1; : </subfield>
    <subfield code="b">El Malpensante, </subfield>
    <subfield code="c">[2006]</subfield>
  </datafield>
  <datafield tag="300" ind1=" " ind2=" ">
    <subfield code="a">170 p&#xE1;ginas : </subfield>
    <subfield code="b">ilustraciones y graficas a blanco y negro ; </subfield>
    <subfield code="c">21 cm.</subfield>
  </datafield>
  <datafield tag="490" ind1="0" ind2=" ">
    <subfield code="a">Cuadernos del Informe de Desarrollo Humano para Bogot&#xE1; ;</subfield>
    <subfield code="v">no. 2</subfield>
  </datafield>
  <datafield tag="504" ind1=" " ind2=" ">
    <subfield code="a">Incluye referencias bibliogr&#xE1;ficas. </subfield>
  </datafield>
  <datafield tag="505" ind1="0" ind2=" ">
    <subfield code="t">Descentralizaci&#xF3;n para construir gobernabilidad y democracia desde lo local / </subfield>
    <subfield code="r">Juan Manuel Ospina Restrepo -- </subfield>
    <subfield code="t">Cinco desaf&#xED;os de la organizaci&#xF3;n institucional en Bogot&#xE1; / </subfield>
    <subfield code="r">Hernando G&#xF3;mez Buend&#xED;a -- </subfield>
    <subfield code="t">Implicaciones de la propuesta de reforma administrativa y descentralizaci&#xF3;n presentada por la Administraci&#xF3;n del alcalde mayor Luis Eduardo Garz&#xF3;n para la estructura de la ciudad de Bogot&#xE1;, con &#xE9;nfasis en los posibles escenarios que podr&#xED;an presentarse como resultado de la visi&#xF3;n propuesta de descentralizaci&#xF3;n local / </subfield>
    <subfield code="r">Ra&#xFA;l Vel&#xE1;squez -- </subfield>
    <subfield code="t">Bogot&#xE1; y retos del nuevo milenio / </subfield>
    <subfield code="r">David Luna -- </subfield>
    <subfield code="t">Bogot&#xE1;: reforma administrativa y participaci&#xF3;n ciudadana / </subfield>
    <subfield code="r">Esperanza Gonz&#xE1;lez,  </subfield>
    <subfield code="r">Fabio E. Vel&#xE1;squez -- </subfield>
    <subfield code="t">Bogot&#xE1; y la sabana deben ser ciudad-regi&#xF3;n / </subfield>
    <subfield code="r">Jaime Castro -- </subfield>
    <subfield code="t">Una administraci&#xF3;n moderna para una ciudad humana / </subfield>
    <subfield code="r">Enrique Borda Villegas -- </subfield>
    <subfield code="t">La descentralizaci&#xF3;n en la reforma administrativa de Bogot&#xE1; / </subfield>
    <subfield code="r">Paul Bromberg</subfield>
  </datafield>
  <datafield tag="650" ind1="1" ind2="4">
    <subfield code="a">Cambio organizacional</subfield>
    <subfield code="z">Colombia</subfield>
    <subfield code="z">Bogota.</subfield>
    <subfield code="9">14606</subfield>
  </datafield>
  <datafield tag="650" ind1="2" ind2="4">
    <subfield code="a">Descentralizaci&#xF3;n en el gobierno</subfield>
    <subfield code="z">Colombia</subfield>
    <subfield code="z">Bogota.</subfield>
    <subfield code="9">14607</subfield>
  </datafield>
  <datafield tag="942" ind1=" " ind2=" ">
    <subfield code="2">ddc</subfield>
    <subfield code="c">BK</subfield>
  </datafield>
  <datafield tag="999" ind1=" " ind2=" ">
    <subfield code="c">7507</subfield>
    <subfield code="d">7507</subfield>
  </datafield>
  <datafield tag="952" ind1=" " ind2=" ">
    <subfield code="0">0</subfield>
    <subfield code="1">0</subfield>
    <subfield code="2">ddc</subfield>
    <subfield code="4">0</subfield>
    <subfield code="7">0</subfield>
    <subfield code="a">CPL</subfield>
    <subfield code="b">CPL</subfield>
    <subfield code="c">GEN</subfield>
    <subfield code="d">0000-00-00</subfield>
    <subfield code="e">Donaci&#xF3;n</subfield>
    <subfield code="l">0</subfield>
    <subfield code="o">320.986148 / A346f</subfield>
    <subfield code="p">201810744</subfield>
    <subfield code="r">2024-05-16 00:00:00</subfield>
    <subfield code="t">Ej.1</subfield>
    <subfield code="w">0000-00-00</subfield>
    <subfield code="y">BK</subfield>
  </datafield>
</record>
